| 000 | 00419nam a22001457a 4500 | ||
|---|---|---|---|
| 020 | _a9788122418316 | ||
| 040 | _cNust | ||
| 082 |
_a621.3121 _bRAJ |
||
| 100 |
_aRaja, K. A _9123456 |
||
| 110 |
_aSrivastava, Prakash Amit, Dwivedi, Manish _9123457 |
||
| 245 | _aPower Plant Engineering | ||
| 260 |
_aNew Delhi: _bNew Age International Publishers, _c2006. |
||
| 650 |
_aPower Plant Engineering _958408 |
||
| 942 |
_2ddc _cBK |
||
| 999 |
_c609642 _d609642 |
||